Pore structure of cement-based materials : (Record no. 531642)

000 -LEADER
fixed length control field 01183cam a22003134a 4500
001 - CONTROL NUMBER
control field 13868545
005 - DATE AND TIME OF LATEST TRANSACTION
control field 20191022175332.0
008 - FIXED-LENGTH DATA ELEMENTS--GENERAL INFORMATION
fixed length control field 050211s2006 enka b 001 0 eng
010 ## - LIBRARY OF CONGRESS CONTROL NUMBER
LC control number 2005004165
015 ## - NATIONAL BIBLIOGRAPHY NUMBER
National bibliography number GBA3U4685
Source bnb
016 7# - NATIONAL BIBLIOGRAPHIC AGENCY CONTROL NUMBER
Record control number 006960130
Source Uk
020 ## - INTERNATIONAL STANDARD BOOK NUMBER
International Standard Book Number 0419228004 (hardcover : alk. paper)
020 ## - INTERNATIONAL STANDARD BOOK NUMBER
International Standard Book Number 9780419228004 (hardcover : alk. paper)
035 ## - SYSTEM CONTROL NUMBER
System control number (OCoLC)ocm57693702
040 ## - CATALOGING SOURCE
Transcribing agency DLC
042 ## - AUTHENTICATION CODE
Authentication code pcc
082 00 - DEWEY DECIMAL CLASSIFICATION NUMBER
Classification number 620.135
Author Mark ALI
100 1# - MAIN ENTRY--PERSONAL NAME
Personal name Aligizaki, Kalliopi K.
9 (RLIN) 24543
245 10 - TITLE STATEMENT
Title Pore structure of cement-based materials :
Remainder of title testing, interpretation and requirements /
Statement of responsibility, etc. Kalliopi K. Aligizaki.
260 ## - PUBLICATION, DISTRIBUTION, ETC.
Place of publication, distribution, etc. Abingdon [England] ;
-- New York :
Name of publisher, distributor, etc. Taylor & Francis,
Date of publication, distribution, etc. 2006.
300 ## - PHYSICAL DESCRIPTION
Extent xli, 388 p. :
Other physical details ill. ;
Dimensions 24 cm.
504 ## - BIBLIOGRAPHY, ETC. NOTE
Bibliography, etc. note Includes bibliographical references and indexes.
650 #0 - SUBJECT ADDED ENTRY--TOPICAL TERM
Topical term or geographic name entry element Cement
General subdivision Testing.
9 (RLIN) 24544
650 #0 - SUBJECT ADDED ENTRY--TOPICAL TERM
Topical term or geographic name entry element Porosity.
9 (RLIN) 24545
830 #0 - SERIES ADDED ENTRY--UNIFORM TITLE
Uniform title Modern concrete technology series (E. & F.N. Spon)
9 (RLIN) 24546
856 41 - ELECTRONIC LOCATION AND ACCESS
Materials specified Table of contents
Uniform Resource Identifier <a href="http://www.loc.gov/catdir/toc/ecip057/2005004165.html">http://www.loc.gov/catdir/toc/ecip057/2005004165.html</a>
856 42 - ELECTRONIC LOCATION AND ACCESS
Materials specified Publisher description
Uniform Resource Identifier <a href="http://www.loc.gov/catdir/enhancements/fy0651/2005004165-d.html">http://www.loc.gov/catdir/enhancements/fy0651/2005004165-d.html</a>
942 ## - ADDED ENTRY ELEMENTS (KOHA)
Source of classification or shelving scheme
Koha item type Book
Holdings
Withdrawn status Lost status Source of classification or shelving scheme Damaged status Not for loan Permanent Location Current Location Date acquired Total Checkouts Total Renewals Full call number Barcode Checked out Date last seen Date last checked out Price effective from Koha item type
          School of Civil and Environmental Engineering (SCEE) School of Civil and Environmental Engineering (SCEE) 10/22/2019 1 1 620.135 ALI NIT-9902 02/16/2024 10/22/2019 10/22/2019 10/22/2019 Book
© 2023 Central Library, National University of Sciences and Technology. All Rights Reserved.